[Event "Barcelona Sant Marti op-B 24th"]
[Site "Barcelona"]
[Date "2024.07.13"]
[Round "1"]
[White "Sacristan Collado, Lucas"]
[Black "Palacios Pena, Gerardo"]
[Result "1/2-1/2"]
[WhiteElo "1627"]
[BlackElo "1846"]
[PlyCount "74"]
[EventDate "2024.07.13"]
[EventType "swiss"]
[EventRounds "9"]
[EventCountry "ESP"]
[SourceTitle "EXT 2025"]
[Source "ChessBase"]
[SourceDate "2024.10.14"]
[SourceVersion "1"]
[SourceVersionDate "2024.10.14"]
[SourceQuality "1"]

1. e4 c6 2. d4 d5 3. exd5 cxd5 4. Nf3 Nc6 5. c3 Nf6 6. Bf4 e6 7. Bd3 Bd6 8. Bxd6 Qxd6 9. Nbd2 0-0 10. 0-0 e5 11. dxe5 Nxe5 12. Nxe5 Qxe5 13. Re1 Qf4 14. Nf1 Bg4 15. Qd2 Qxd2 16. Nxd2 Rfe8 17. f3 Bd7 18. Nb3 Kf8 19. Kf2 g6 20. Nd4 Rxe1 21. Rxe1 Re8 22. Rxe8+ Nxe8 23. Ke3 Ke7 24. g3 Nc7 25. b3 Kd6 26. f4 Ne6 27. Nxe6 Bxe6 28. Kd4 b6 29. a4 f6 30. h4 Bf7 31. g4 h6 32. f5 g5 33. h5 a5 34. Bb5 Kc7 35. Bd3 Kd6 36. Bb5 Kc7 37. Bd3 Kd6 1/2-1/2

[Event "Foment Martinenc op-B 24th"]
[Site "Barcelona"]
[Date "2024.06.01"]
[Round "7"]
[White "Cantero, Walter Milciades"]
[Black "Palacios Pena, Gerardo"]
[Result "1/2-1/2"]
[WhiteElo "1748"]
[BlackElo "1848"]
[PlyCount "90"]
[EventDate "2024.04.20"]
[EventType "swiss"]
[EventRounds "9"]
[EventCountry "ESP"]
[SourceTitle "CBM 220 Extra"]
[Source "ChessBase"]
[SourceDate "2024.07.31"]
[SourceVersion "1"]
[SourceVersionDate "2024.07.31"]
[SourceQuality "1"]

1. e4 d5 2. exd5 Qxd5 3. c4 Qd8 4. d4 c6 5. Nf3 Nf6 6. Bd3 Bg4 7. Be3 e6 8. 0-0 Be7 9. Nbd2 0-0 10. Rc1 Nbd7 11. h3 Bh5 12. Re1 c5 13. Qc2 cxd4 14. Bxd4 Bg6 15. Ne4 Nxe4 16. Bxe4 Nf6 17. Bxg6 hxg6 18. Rcd1 Qc8 19. b3 Bb4 20. Re2 Rd8 21. Qb2 Bc5 22. Red2 Bxd4 23. Rxd4 Rxd4 24. Qxd4 Qc7 25. Qe3 b6 26. Rd4 Rd8 27. Ne5 Rxd4 28. Qxd4 Kf8 29. b4 Ke7 30. c5 bxc5 31. bxc5 Nd7 32. Nxd7 Qxd7 33. Qe3 Qc6 34. Qg5+ Kd7 35. Qe5 Ke8 36. a4 f6 37. Qd4 Qd5 38. Qb4 Qd7 39. Qa5 Qb7 40. Qd2 Qd5 41. Qa5 Qb7 42. Kf1 Qb1+ 43. Ke2 Qe4+ 44. Kd2 Qd4+ 45. Ke1 Qe4+ 1/2-1/2

[Event "Foment Martinenc op-B 24th"]
[Site "Barcelona"]
[Date "2024.05.25"]
[Round "6"]
[White "Palacios Pena, Gerardo"]
[Black "Garcia Huerta, Joaquin Marc"]
[Result "1-0"]
[WhiteElo "1848"]
[BlackElo "1619"]
[PlyCount "187"]
[EventDate "2024.04.20"]
[EventType "swiss"]
[EventRounds "9"]
[EventCountry "ESP"]
[SourceTitle "CBM 220 Extra"]
[Source "ChessBase"]
[SourceDate "2024.07.31"]
[SourceVersion "1"]
[SourceVersionDate "2024.07.31"]
[SourceQuality "1"]

1. d4 d5 2. Nf3 Nf6 3. c4 c6 4. Nc3 e6 5. e3 Bd6 6. Bd3 Nbd7 7. 0-0 0-0 8. b3 Qe7 9. e4 dxe4 10. Nxe4 Nxe4 11. Bxe4 f5 12. Bc2 Re8 13. Bb2 h6 14. Re1 c5 15. Bxf5 Qf7 16. Be4 Nf6 17. Bc2 cxd4 18. Qxd4 Rd8 19. Ne5 Qc7 20. Rad1 b6 21. Qe3 Bb7 22. h3 Bc5 23. Qe2 Bb4 24. Rxd8+ Rxd8 25. Rd1 Rxd1+ 26. Qxd1 Bd6 27. Qe2 a5 28. Nf3 Qe7 29. Nd4 Kf7 30. Nb5 Bc5 31. Bd4 Bxd4 32. Nxd4 Qd6 33. Qe3 Bc8 34. Nb5 Qc6 35. Qd3 Bb7 36. f3 Ba6 37. Nd6+ Ke7 38. Ne4 Nxe4 39. Qxe4 Qxe4 40. Bxe4 Kd6 41. Kf2 b5 42. cxb5 Bxb5 43. Ke3 Ke5 44. a3 Kd6 45. Bd3 Bc6 46. Kd4 Bd7 47. f4 Bc6 48. Be4 Bd7 49. b4 axb4 50. axb4 Bb5 51. g4 g5 52. fxg5 hxg5 53. Bg2 e5+ 54. Ke3 Ke6 55. Kf2 Kf6 56. Kg3 Kg6 57. h4 gxh4+ 58. Kxh4 Bd3 59. Bc6 Kf6 60. g5+ Ke6 61. b5 Kd6 62. Kg4 Bg6 63. Kf3 Kc5 64. Ke3 Bf5 65. Be8 Kb6 66. Bc6 Bg6 67. Be4 Bf7 68. Bd3 Bd5 69. g6 Kc5 70. g7 Kb6 71. Be2 Kc5 72. Bf1 Kb6 73. Kf2 Kc5 74. Kg3 Bg8 75. Kg4 Kd5 76. Kf5 Kd6 77. Bg2 Kc5 78. Bc6 Kd6 79. Kf6 Bc4 80. Be4 Bg8 81. b6 Bb3 82. b7 Kc7 83. Kxe5 Bg8 84. Kf6 Kb8 85. Ke7 Kc7 86. Kf8 Ba2 87. g8Q Bxg8 88. Kxg8 Kb8 89. Kf8 Kc7 90. Ke7 Kb8 91. Kd7 Ka7 92. Kc8 Ka6 93. Bd3+ Ka5 94. b8Q 1-0

[Event "Barcelona Sant Marti op-B 22nd"]
[Site "Barcelona"]
[Date "2022.07.17"]
[Round "5"]
[White "Salazar Navas, Josep"]
[Black "Palacios Pena, Gerardo"]
[Result "0-1"]
[WhiteElo "1556"]
[BlackElo "1841"]
[PlyCount "56"]
[EventDate "2022.07.13"]
[EventType "swiss"]
[EventRounds "9"]
[EventCountry "ESP"]
[SourceTitle "CBM 210 Extra"]
[Source "ChessBase"]
[SourceDate "2022.11.30"]
[SourceVersion "1"]
[SourceVersionDate "2022.11.30"]
[SourceQuality "1"]

1. e4 c5 2. Nc3 Nc6 3. Bb5 e6 4. Bxc6 bxc6 5. d3 d5 6. e5 Rb8 7. b3 Ne7 8. f4 Nf5 9. Nf3 g6 10. 0-0 Ba6 11. Re1 h5 12. Na4 Bb5 13. Nc3 Qa5 14. Bd2 Qc7 15. Ne2 Be7 16. c4 Ba6 17. Qc1 0-0 18. Qa3 Qb7 19. Qb2 dxc4 20. d4 cxb3 21. axb3 Bxe2 22. Rxe2 cxd4 23. Nxd4 Bc5 24. Bc3 Rfd8 25. Rd2 Qb6 26. Rad1 Nxd4 27. Bxd4 Rxd4 28. Rxd4 Rd8 0-1

[Event "Barcelona Sant Marti op-B 21st"]
[Site "Barcelona"]
[Date "2019.07.21"]
[Round "9"]
[White "Arias Aranda, Guillem"]
[Black "Palacios Pena, Gerardo"]
[Result "0-1"]
[WhiteElo "1595"]
[BlackElo "1801"]
[PlyCount "49"]
[EventDate "2019.07.13"]
[EventType "swiss"]
[EventRounds "9"]
[EventCountry "ESP"]
[SourceTitle "EXT 2020"]
[Source "ChessBase"]
[SourceDate "2019.10.17"]
[SourceVersion "1"]
[SourceVersionDate "2019.10.17"]
[SourceQuality "1"]

1. e4 c5 2. Nf3 e6 3. d4 cxd4 4. Nxd4 Nc6 5. Nb5 Nf6 6. N1c3 d6 7. Bg5 a6 8. Bxf6 gxf6 9. Nd4 Bd7 10. Qd2 Qb6 11. Nxc6 Bxc6 12. Rb1 Rg8 13. g3 h5 14. Qf4 Rg6 15. Bg2 Be7 16. 0-0 0-0-0 17. Qe3 Qxe3 18. fxe3 h4 19. Ne2 hxg3 20. Nxg3 Rh8 21. Rbd1 Rgh6 22. h3 Rg6 23. Ne2 Bxe4 24. Nf4 Rg5 25. Rd4 0-1

[Event "Barcelona Sant Marti op-B 21st"]
[Site "Barcelona"]
[Date "2019.07.18"]
[Round "6"]
[White "Palacios Pena, Gerardo"]
[Black "Iborra Polo, Eric"]
[Result "0-1"]
[WhiteElo "1801"]
[BlackElo "1539"]
[PlyCount "94"]
[EventDate "2019.07.13"]
[EventType "swiss"]
[EventRounds "9"]
[EventCountry "ESP"]
[SourceTitle "EXT 2020"]
[Source "ChessBase"]
[SourceDate "2019.10.17"]
[SourceVersion "1"]
[SourceVersionDate "2019.10.17"]
[SourceQuality "1"]

1. d4 Nf6 2. Bf4 e6 3. e3 d5 4. Nd2 c5 5. c3 Nc6 6. Ngf3 Bd6 7. Bg3 0-0 8. Bd3 b6 9. Ne5 Qc7 10. Ndf3 Bb7 11. Qb1 h6 12. 0-0 Nd7 13. Nxd7 Qxd7 14. Bb5 Qc7 15. Bxc6 Bxc6 16. Ne5 c4 17. Qc2 b5 18. a3 a5 19. Nxc6 Qxc6 20. Bxd6 Qxd6 21. e4 b4 22. exd5 exd5 23. Rfe1 bxc3 24. bxc3 Rfb8 25. Qa4 Rb3 26. Re3 Qb6 27. g3 Qb5 28. Qxb5 Rxb5 29. Re5 a4 30. Rae1 f6 31. Re7 Rab8 32. Ra7 Rb1 33. Rxb1 Rxb1+ 34. Kg2 Rb3 35. Rxa4 Rxc3 36. Ra5 Kf7 37. a4 Ke6 38. Ra6+ Kf5 39. Ra7 g6 40. f3 Rd3 41. a5 Rxd4 42. a6 Rd2+ 43. Kh3 Ra2 44. Rd7 Ke6 45. Ra7 d4 46. Ra8 c3 47. a7 c2 0-1

[Event "Montcada op-B 26th"]
[Site "Montcada"]
[Date "2018.07.01"]
[Round "8"]
[White "Palacios Pena, Gerardo"]
[Black "Prats Safont, Sergi"]
[Result "0-1"]
[WhiteElo "1943"]
[BlackElo "1939"]
[PlyCount "102"]
[EventDate "2018.06.25"]
[EventType "swiss"]
[EventRounds "9"]
[EventCountry "ESP"]
[SourceTitle "EXT 2019"]
[Source "ChessBase"]
[SourceDate "2018.10.10"]
[SourceVersion "1"]
[SourceVersionDate "2018.10.10"]
[SourceQuality "1"]

1. d4 Nf6 2. Nf3 e6 3. c4 b6 4. Nc3 Bb4 5. Bg5 Bb7 6. e3 h6 7. Bh4 Bxc3+ 8. bxc3 d6 9. Bd3 Nbd7 10. 0-0 0-0 11. Re1 Re8 12. e4 e5 13. Qc2 a5 14. Rab1 Ba6 15. h3 Qe7 16. Re2 Qe6 17. Nd2 Nh5 18. Bg3 Nxg3 19. fxg3 Qg6 20. Kh2 Nf6 21. Rf1 Re7 22. Rf3 Rd8 23. d5 Nd7 24. Ref2 Bc8 25. Nf1 Nc5 26. Ne3 f6 27. g4 Qe8 28. h4 Qa4 29. Qd2 Qa3 30. Rg3 Kf8 31. g5 hxg5 32. hxg5 Rf7 33. g6 Re7 34. Nf5 Bxf5 35. Rxf5 Ke8 36. Rh5 Kd7 37. Qf2 Kc8 38. Be2 Kb7 39. Qf5 Qxa2 40. Bf3 Qxc4 41. Rgh3 a4 42. Rh8 Ree8 43. Rxe8 Rxe8 44. Rh7 Rg8 45. Qh3 a3 46. Rh8 Rxh8 47. Qxh8 a2 48. Bg4 a1Q 49. Qc8+ Ka7 50. Qxc7+ Ka6 51. Bc8+ Ka5 0-1

[Event "Montcada op-B 26th"]
[Site "Montcada"]
[Date "2018.06.30"]
[Round "7"]
[White "Corella Martin, Eduardo"]
[Black "Palacios Pena, Gerardo"]
[Result "1-0"]
[WhiteElo "1893"]
[BlackElo "1943"]
[PlyCount "65"]
[EventDate "2018.06.25"]
[EventType "swiss"]
[EventRounds "9"]
[EventCountry "ESP"]
[SourceTitle "EXT 2019"]
[Source "ChessBase"]
[SourceDate "2018.10.10"]
[SourceVersion "1"]
[SourceVersionDate "2018.10.10"]
[SourceQuality "1"]

1. d4 d5 2. Bf4 Nf6 3. e3 c6 4. c4 Bf5 5. Nc3 e6 6. Nf3 Nbd7 7. Qb3 Qc8 8. cxd5 exd5 9. Rc1 a6 10. Ne5 Be6 11. Na4 Be7 12. Bg5 Rb8 13. Nxd7 Nxd7 14. Bxe7 Kxe7 15. Qa3+ Ke8 16. Bd3 Qd8 17. 0-0 Qe7 18. Qb3 g6 19. Nc5 Nxc5 20. Rxc5 Rd8 21. Qb6 Kf8 22. Rc3 Kg7 23. Rb3 Bc8 24. Rc1 Rhe8 25. Rbc3 h5 26. b4 Rd6 27. a4 h4 28. h3 Qg5 29. Kh2 Rf6 30. R1c2 c5 31. Qxc5 Be6 32. Qc7 Rc8 33. Qe5 1-0

[Event "Montcada op-B 26th"]
[Site "Montcada"]
[Date "2018.06.27"]
[Round "3"]
[White "Parra Ordorica, Gorka"]
[Black "Palacios Pena, Gerardo"]
[Result "0-1"]
[WhiteElo "1798"]
[BlackElo "1943"]
[PlyCount "84"]
[EventDate "2018.06.25"]
[EventType "swiss"]
[EventRounds "9"]
[EventCountry "ESP"]
[SourceTitle "EXT 2019"]
[Source "ChessBase"]
[SourceDate "2018.10.10"]
[SourceVersion "1"]
[SourceVersionDate "2018.10.10"]
[SourceQuality "1"]

1. e4 c6 2. d4 d5 3. exd5 cxd5 4. Nc3 Nc6 5. h3 Nf6 6. Nf3 Bf5 7. Bd3 Bxd3 8. Qxd3 e6 9. Bg5 Be7 10. 0-0 0-0 11. Rfe1 a6 12. a3 b5 13. Nd1 Qc7 14. Bh4 Ne4 15. Bxe7 Nxe7 16. Ne3 Ng6 17. Qd1 Rfc8 18. Nd2 Nxd2 19. Qxd2 h6 20. a4 Qb6 21. axb5 axb5 22. Qb4 Qc6 23. Ra5 Rxa5 24. Qxa5 Ra8 25. Qd2 Ra2 26. Rb1 Ne7 27. Qd3 Nc8 28. Qb3 Qa6 29. c3 Nd6 30. Qd1 Ne4 31. Nc2 Qa4 32. Ne3 Qa5 33. Nc2 Qa4 34. Ne3 Qxd1+ 35. Nxd1 Nd2 36. Rc1 Nb3 37. Rb1 Kf8 38. f3 Ke7 39. Kf2 b4 40. Ke3 bxc3 41. bxc3 Na5 42. Nb2 Rxb2 0-1

[Event "Montcada op-B 25th"]
[Site "Montcada"]
[Date "2017.06.28"]
[Round "3"]
[White "Palacios Pena, Gerardo"]
[Black "Torralba Brosa, Marc"]
[Result "1/2-1/2"]
[WhiteElo "2012"]
[BlackElo "1852"]
[PlyCount "90"]
[EventDate "2017.06.26"]
[EventType "swiss"]
[EventRounds "9"]
[EventCountry "ESP"]
[SourceTitle "EXT 2018"]
[Source "ChessBase"]
[SourceDate "2017.10.13"]
[SourceVersion "1"]
[SourceVersionDate "2017.10.13"]
[SourceQuality "1"]

1. d4 Nf6 2. Nf3 e6 3. c3 c5 4. g3 Nc6 5. Bg2 d5 6. 0-0 Bd6 7. b3 cxd4 8. cxd4 Qe7 9. Bb2 0-0 10. Nbd2 b6 11. Ne5 Bxe5 12. dxe5 Ng4 13. Nf3 Bb7 14. Rc1 Rac8 15. Qd2 Qb4 16. Qxb4 Nxb4 17. a3 Na2 18. Rb1 Nc3 19. Bxc3 Rxc3 20. h3 Nh6 21. Nd4 Nf5 22. Nxf5 exf5 23. Rfd1 Rd8 24. Rd2 Kf8 25. Kh2 Ke7 26. f4 Ke6 27. Bf3 Rd7 28. Kg2 f6 29. exf6 Kxf6 30. Kf2 Ke6 31. a4 Kd6 32. b4 Ra3 33. a5 bxa5 34. bxa5 Rxa5 35. e4 fxe4 36. Bxe4 g6 37. Bf3 Kc7 38. Rc1+ Kb6 39. h4 Rb5 40. h5 d4 41. hxg6 hxg6 42. Bxb7 Kxb7 43. Rc4 d3 44. Rc3 Rbd5 45. Ke3 a5 1/2-1/2

[Event "Montcada op-B 25th"]
[Site "Montcada"]
[Date "2017.06.27"]
[Round "2"]
[White "Valarezo Ricard, Pedro"]
[Black "Palacios Pena, Gerardo"]
[Result "1/2-1/2"]
[WhiteElo "1869"]
[BlackElo "2012"]
[PlyCount "53"]
[EventDate "2017.06.26"]
[EventType "swiss"]
[EventRounds "9"]
[EventCountry "ESP"]
[SourceTitle "EXT 2018"]
[Source "ChessBase"]
[SourceDate "2017.10.13"]
[SourceVersion "1"]
[SourceVersionDate "2017.10.13"]
[SourceQuality "1"]

1. d4 Nf6 2. Nf3 e6 3. Bg5 Be7 4. Nbd2 b6 5. e4 Bb7 6. Bd3 h6 7. Bh4 d5 8. e5 Nfd7 9. Bg3 c5 10. c3 Ba6 11. Qe2 Bxd3 12. Qxd3 Qc8 13. 0-0 0-0 14. Rae1 Qa6 15. Qb1 Nc6 16. Nb3 Rfc8 17. Re3 cxd4 18. Nbxd4 Bc5 19. Rd1 Nxd4 20. Nxd4 Bxd4 21. Rxd4 Rc4 22. Rd1 Rac8 23. f4 Nc5 24. f5 Re4 25. Rf3 Qb5 26. fxe6 fxe6 27. Rdf1 1/2-1/2

[Event "Sabadell op 11th"]
[Site "Sabadell"]
[Date "2017.??.??"]
[Round "5.2"]
[White "Palacios Pena, Gerardo"]
[Black "Morais Carreras, Javier"]
[Result "1/2-1/2"]
[WhiteElo "1890"]
[BlackElo "1935"]
[PlyCount "20"]
[EventDate "2017.02.03"]
[EventType "swiss"]
[EventRounds "9"]
[EventCountry "ESP"]
[SourceTitle "EXT 2024"]
[Source "ChessBase"]
[SourceDate "2023.10.10"]
[SourceVersion "1"]
[SourceVersionDate "2023.10.10"]
[SourceQuality "1"]

1. d4 d5 2. Nf3 Nf6 3. Bf4 e6 4. e3 c5 5. c3 Nc6 6. Nbd2 Bd6 7. Bxd6 Qxd6 8. Bd3 0-0 9. 0-0 Re8 10. Rc1 e5 1/2-1/2

[Event "Sabadell op 11th"]
[Site "Sabadell"]
[Date "2017.??.??"]
[Round "3.3"]
[White "Palacios Pena, Gerardo"]
[Black "Torrecillas Gonzalez, Antonio"]
[Result "1/2-1/2"]
[WhiteElo "1890"]
[BlackElo "2014"]
[PlyCount "46"]
[EventDate "2017.02.03"]
[EventType "swiss"]
[EventRounds "9"]
[EventCountry "ESP"]
[SourceTitle "EXT 2024"]
[Source "ChessBase"]
[SourceDate "2023.10.10"]
[SourceVersion "1"]
[SourceVersionDate "2023.10.10"]
[SourceQuality "1"]

1. d4 d5 2. Nf3 e6 3. Bf4 Nf6 4. e3 Be7 5. h3 c5 6. c3 Nc6 7. Nbd2 0-0 8. Bd3 b6 9. 0-0 Bb7 10. Qe2 Bd6 11. Ne5 h6 12. Bh2 Qc7 13. f4 Ne7 14. Kh1 Ne4 15. Rad1 Rad8 16. Qf3 f5 17. Qh5 Nf6 18. Qe2 Ne4 19. Ndf3 Bc6 20. Nxc6 Nxc6 21. Ne5 Bxe5 22. fxe5 Qd7 23. Bxe4 fxe4 1/2-1/2

[Event "Sabadell op-B 9th"]
[Site "Sabadell"]
[Date "2016.09.08"]
[Round "8"]
[White "Palacios Pena, Gerardo"]
[Black "Torralba Brosa, Marc"]
[Result "1-0"]
[WhiteElo "1891"]
[BlackElo "1736"]
[PlyCount "41"]
[EventDate "2016.09.01"]
[EventType "swiss"]
[EventRounds "9"]
[EventCountry "ESP"]
[SourceTitle "CBM 174 Extra"]
[Source "ChessBase"]
[SourceDate "2016.10.10"]
[SourceVersion "1"]
[SourceVersionDate "2016.10.10"]
[SourceQuality "1"]

1. d4 Nf6 2. Nf3 g6 3. Bf4 Bg7 4. e3 d6 5. h3 0-0 6. Be2 c5 7. c3 Nc6 8. Nbd2 Re8 9. Bh2 e5 10. dxe5 dxe5 11. e4 a6 12. a4 Rb8 13. Qc2 b5 14. axb5 axb5 15. 0-0 Qe7 16. Rfd1 b4 17. Nc4 Nd7 18. Nd6 Rd8 19. Bc4 Nb6 20. Bxf7+ Kf8 21. Nxc8 1-0

[Event "Sabadell op-B 9th"]
[Site "Sabadell"]
[Date "2016.09.04"]
[Round "4"]
[White "Palacios Pena, Gerardo"]
[Black "Fernandez Aguilar, Francisco"]
[Result "1/2-1/2"]
[WhiteElo "1891"]
[BlackElo "2051"]
[PlyCount "68"]
[EventDate "2016.09.01"]
[EventType "swiss"]
[EventRounds "9"]
[EventCountry "ESP"]
[SourceTitle "CBM 174 Extra"]
[Source "ChessBase"]
[SourceDate "2016.10.10"]
[SourceVersion "1"]
[SourceVersionDate "2016.10.10"]
[SourceQuality "1"]

1. d4 d5 2. Nf3 Nf6 3. Bf4 e6 4. e3 c5 5. c3 Nc6 6. h3 Bd6 7. Bxd6 Qxd6 8. Nbd2 0-0 9. Be2 e5 10. dxe5 Nxe5 11. Nxe5 Qxe5 12. Nf3 Qe7 13. 0-0 Bd7 14. Qc2 Rfe8 15. Rad1 Bc6 16. Rfe1 Rad8 17. c4 b6 18. cxd5 Bxd5 19. a3 Ne4 20. Bb5 Rf8 21. Bc4 Bb7 22. Rxd8 Rxd8 23. Rd1 Rd6 24. Rxd6 Qxd6 25. Qd3 Qxd3 26. Bxd3 Nd6 27. Nd2 b5 28. f3 c4 29. Bc2 g6 30. Kf2 f5 31. g4 fxg4 32. hxg4 Kf7 33. Kg3 Kf6 34. e4 Ke5 1/2-1/2